Rahmatul Lil Alameen VOL-1,2 (Record no. 185553)
[ view plain ]
| 000 -LEADER | |
|---|---|
| fixed length control field | 00868 a2200169 4500 |
| 003 - CONTROL NUMBER IDENTIFIER | |
| control field | Nust |
| 005 - DATE AND TIME OF LATEST TRANSACTION | |
| control field | 20230221081627.0 |
| 040 ## - CATALOGING SOURCE | |
| Transcribing agency | Nust |
| 082 ## - DEWEY DECIMAL CLASSIFICATION NUMBER | |
| Classification number | 297.63, SUL |
| 100 ## - MAIN ENTRY--PERSONAL NAME | |
| Personal name | Sulaiman, Qazi Muhammad |
| 9 (RLIN) | 109261 |
| 245 ## - TITLE STATEMENT | |
| Title | Rahmatul Lil Alameen VOL-1,2 |
| Remainder of title | Mercy of the words |
| Statement of responsibility, etc. | Qazi Muhammad Sulaiman |
| 260 ## - PUBLICATION, DISTRIBUTION, ETC. | |
| Place of publication, distribution, etc. | Pakistan |
| Name of publisher, distributor, etc. | Darul Ishaat |
| 300 ## - PHYSICAL DESCRIPTION | |
| Extent | 280:p |
| 505 ## - FORMATTED CONTENTS NOTE | |
| Formatted contents note | Primary Life of the Holy Prophet (Page-1), A Little Before Attaining Prophethood (Page-13), Aposteship and Prophethood (Page-16), Designs Against Islam (Page-25), Ascension (Page-43), Hijart and its Reasons (Page-56), New Homeland New Problems (Page-84), The Crusade Expeditions of Holy Prophet (Page-90), Fertvour for Faith and Martyrdom (Page-98) Best Sermon Fifty Traditions (Page-130), Education & Purge of Desire (Page-138) . |
| 650 ## - SUBJECT ADDED ENTRY--TOPICAL TERM | |
| Topical term or geographic name entry element | Mercy for the Worlds |
| 9 (RLIN) | 109262 |
| 942 ## - ADDED ENTRY ELEMENTS (KOHA) | |
| Source of classification or shelving scheme | |
| Koha item type | Book |
| Withdrawn status | Lost status | Source of classification or shelving scheme | Damaged status | Not for loan | Permanent Location | Current Location | Shelving location | Date acquired | Full call number | Barcode | Date last seen | Price effective from | Koha item type | Public note |
|---|---|---|---|---|---|---|---|---|---|---|---|---|---|---|
| Military College of Signals (MCS) | Military College of Signals (MCS) | General Stacks | 12/12/2016 | 297.63,SUL | MCS31309 | 12/08/2016 | 12/12/2016 | Book | Almirah No.47, Shelf No.5 | |||||
| Military College of Signals (MCS) | Military College of Signals (MCS) | General Stacks | 12/12/2016 | 297.63,SUL | MCS31310 | 12/08/2016 | 12/12/2016 | Book | Almirah No.47, Shelf No.5 |
